000 00350 a2200109 4500
001 ART_3434
005 20260410161714.0
008 260409a
245 1 0 _aLa nueva distribución funcional del ingreso en la Argentina
100 1 _aOrsatti, Alvaro
773 0 _tDesarrollo económico
_g- Vol. 23, Nº 91 (oct./dic. 1983)
_wREV1174
999 _c16386
_d16386